• 首页
  • 本馆介绍
  • 公告通知
  • 最新文献
  • 馆藏检索
  • 电子资源
  • 读者导购
  • 参考咨询
  • 我的图书馆
  • 登录
  • 详细信息显示
  • 放入我的书架
  • 预约/预借图书
  • 作者相关作品
  • 分类相关作品
  • 丛书相关作品
  • 出版社相关作品

书目信息

  • 表格格式
  • 工作单格式
  • 卡片格式
题名:
电视剧叙事话语
    
 
作者: 于君 著
分册:  
出版信息: 北京   中国广播电视出版社  2006
页数: 225页
开本: 21cm
丛书名: 影视艺术理论与创作丛书
单 册:
中图分类: J904
科图分类:
主题词: 电视剧--叙述--研究
电子资源:
ISBN: 7-5043-5047-8
000 00902oam2 2200265 450
001 1558966671
005 20150118162325.09
010    @a7-5043-5047-8@dCNY15.00
100    @a20060104d2006 em y0chiy50 ea
101 0  @achi
102    @aCN@b110000
105    @ay z 000yy
200 1  @a电视剧叙事话语@9dian shi ju xu shi hua yu@f张育华著
210    @a北京@c中国广播电视出版社@d2006
215    @a225页@d21cm
225 2  @a影视艺术理论与创作丛书
312    @a封面英文题名:Narrative discourse research of jeleplay
330    @a本书从形式美学层面,尤其倾心于修辞维度解析电视剧的叙述行为,对该命题作了独特、深入、系统的分析探讨。
461  0 @12001 @a影视艺术理论与创作丛书
510 1  @aNarrative discourse research of jeleplay@zeng
606 0  @a电视剧@x叙述@x研究
690    @aJ904@v5
701  0 @a于君@9yu jun@c(女,@f1956~)@4著
801  0 @aCN@bTSSF@c20150118
905    @aZUCC@dJ904@eJY62
    
    电视剧叙事话语/张育华著.-北京:中国广播电视出版社,2006
    225页;21cm.-(影视艺术理论与创作丛书)
    
    
    ISBN 7-5043-5047-8:CNY15.00
    本书从形式美学层面,尤其倾心于修辞维度解析电视剧的叙述行为,对该命题作了独特、深入、系统的分析探讨。
●
相关链接 在E读中查询图书 在五车中查询图书 在当当中查询图书 在豆瓣中查询图书


正题名:电视剧叙事话语     索取号:J904/JY62         预约/预借

序号 登录号 条形码 馆藏地/架位号 状态 备注
1 7848821   278488218   学院路分馆/ [索取号:J904/JY62] 在馆    
2 7848822   278488227   学院路分馆/ [索取号:J904/JY62] 在馆    
唐山师范学院图书馆 欢迎您!
大连网信软件有限公司© 版权所有